| 000 | 00787nam a2200241 4500 | ||
|---|---|---|---|
| 001 | 111605 | ||
| 003 | ES-MaACL | ||
| 005 | 20240523063033.0 | ||
| 007 | t| | ||
| 008 | 061121s1953 sp r ||||1| spa d | ||
| 080 | _a84-31-18" | ||
| 100 | 0 |
_aNerval, Gérard de, _d1808-1855 _985401 |
|
| 245 | 1 | 3 |
_aLa reina de Saba / _cGerardo de Nerval [seud.] ; prólogo y traducción de Carmen Conde. |
| 260 |
_aMadrid : _b[s.n.], _c1953 ( _fArtes Gráf. Estades) |
||
| 300 |
_a261 p. ; _c18 cm. |
||
| 490 | 1 |
_aEl grifón ; _v7 |
|
| 594 | _aGerard de Nerval es seud. de Gérard Labrunie. | ||
| 600 | 0 | 4 |
_aSaba, _cReina de. _9172869 |
| 700 | 1 |
_aConde, Carmen, _d1907-1996 _940088 |
|
| 830 | 1 |
_aEl grifón ; _v7 _9181273 |
|
| 852 |
_aES-MaACL _jC-6948 |
||
| 999 |
_c111605 _d111605 |
||